| 000 | 00501nam a22001817a 4500 | ||
|---|---|---|---|
| 003 | OSt | ||
| 005 | 20151123183751.0 | ||
| 008 | 151123b xxu||||| |||| 00| 0 eng d | ||
| 040 | _cDDC. | ||
| 082 | _a338.9 UND2001. | ||
| 100 |
_aUNDP _96273 |
||
| 245 |
_aHuman Development Report 2001. _bMaking new technologies work for Human Development. |
||
| 260 |
_anew york _bUNDR _c2001 |
||
| 300 |
_axiii,264p; _bcol,ill; _c28cm |
||
| 504 | _aincludes index. | ||
| 650 |
_adevelopment. _9612 |
||
| 942 |
_2z _cSLOAN |
||
| 999 |
_c2665 _d2665 |
||